Southville International School and Colleges
Your cart is empty.
  • Cart
  • Lists
    Public lists Eva Luna New books Lux_list list_1
    Your lists Log in to create your own lists
  • Log in to your account
  • Your cookies
  • Search history
Southville International School and Colleges
  • Advanced search
  • Recent comments
  • Most popular
  • Libraries

Log in to your account

Log in with GOOGLE


If you do not have an external account, but do have a local account, you can still log in:

  1. Home
  2. MARC view: Applied mathematics with microsoft excel /
Normal view MARC view ISBD view

Applied mathematics with microsoft excel / (Record no. 19171)

[ view plain ]
MARC details
000 -LEADER
fixed length control field 00513nam a2200169 a 4500
005 - DATE AND TIME OF LATEST TRANSACTION
control field 20140310183132.0
008 - FIXED-LENGTH DATA ELEMENTS--GENERAL INFORMATION
fixed length control field 020823s19uu xx 00 eng d
050 ## - LIBRARY OF CONGRESS CALL NUMBER
Classification number QA 76.95
Item number .P53 2001
100 ## - MAIN ENTRY--PERSONAL NAME
Personal name Piascik, Chester
245 ## - TITLE STATEMENT
Title Applied mathematics with microsoft excel /
Statement of responsibility, etc Chester Piascik.
300 ## - PHYSICAL DESCRIPTION
Extent 257 p. :
Other physical details ill. ;
Dimensions 24 cm.
650 ## - SUBJECT ADDED ENTRY--TOPICAL TERM
Topical term or geographic name as entry element Microsoft excel ( computer file )
650 ## - SUBJECT ADDED ENTRY--TOPICAL TERM
Topical term or geographic name as entry element Mathematics
General subdivision data processing
650 ## - SUBJECT ADDED ENTRY--TOPICAL TERM
Topical term or geographic name as entry element Electronic spreedsheets
942 ## - ADDED ENTRY ELEMENTS (KOHA)
Koha item type Books
Source of classification or shelving scheme Library of Congress Classification
Call number prefix Foreign
Holdings
Withdrawn status Lost status Source of classification or shelving scheme Damaged status Home library Current library Shelving location Date acquired Total Checkouts Full call number Barcode Date last seen Price effective from Koha item type
    Library of Congress Classification   College Library College Library General Circulation Section 08/23/2002   QA 76.95 .P53 2001 C0604 05/15/2018 03/10/2014 Books

Applied mathematics with microsoft excel /

APA

Piascik C., .Applied mathematics with microsoft excel. : .

Chicago

Piascik Chester, .Applied mathematics with microsoft excel. : .

Harvard

Piascik C., .Applied mathematics with microsoft excel. : .

MLA

Piascik Chester, .: . .

  • Place hold
  • Print
  • Cite
  • Add to your cart (remove)
  • Save record
    BIBTEX Dublin Core MARCXML MARC (non-Unicode/MARC-8) MARC (Unicode/UTF-8) MARC (Unicode/UTF-8, Standard) MODS (XML) RIS
  • More searches
    Search for this title in:
    Other Libraries (WorldCat) Other Databases (Google Scholar) Online Stores (Bookfinder.com) Open Library (openlibrary.org)

Exporting to Dublin Core...

SOUTHVILLE LIBRARY

Southville International School and Colleges Library

1281 Tropical Ave. Cor. Luxembourg St., BF Homes International, Las Pinas City

Tel. No. 8256374 / 252358 Loc. 117/146

Powered by Koha